Clic para traducir - Italiano - Estadísticas

Estadísticas generales
  • Esta prueba ha sido intentada 3.823 veces
  • La puntuación promedio es 16 de 20
Estadísticas de respuestas
Hint Respuesta % Correcto
Agua Acqua
96%
Azul Blu
94%
Noche Notte
94%
Siete Sette
94%
Tren Treno
93%
Brazo Braccio
92%
Lunes Lunedì
92%
Mujer Donna
91%
Ejército Esercito
91%
Sueño Sogno
91%
Estrella Stella
91%
Tormenta Tempesta
91%
Leche Latte
90%
Ratón Topo
82%
Iglesia Chiesa
76%
Playa Spiaggia
65%
Alfombra Tappeto
65%
Zapato Scarpa
55%
Cama Letto
45%
Durazno Pesca
32%
No se encontraron pruebas coincidentes
Distribución de puntuación
Porcentaje de gente con cada puntuación
Porcentaje por número respondido
Historial de tus puntuaciones
No has intentado esta prueba.